000 00681nam a2200241 a 4500
001 000004434
005 20240305135508.0
008 791109s1981 sp 000 1 spa
020 _a8402076416
040 _aDO-SdBNP
_bspa
_cBNPHU
041 1 7 _aspa
082 _a823.914
_bF667t
100 1 _aFollett, Ken,
_d1949-
_913022
245 1 0 _aTriple /
_cKen Follett ; traductor, Mirta Arlt.
260 _aBarcelona :,
_c1981.
300 _a413 p. ;
_c20 cm.
490 1 _aCinco estrellas
534 _aTítulo original:
_tTriple.
650 4 _aNovela inglesa
_91071
650 4 _aLiteratura inglesa
_9498
700 1 _aArlt, Mirta ;
_etr.
_913023
830 0 _aCinco estrellas
_913024
999 _c4243
_d4243